| 000 | 00392nam a22001457a 4500 | ||
|---|---|---|---|
| 003 | macl | ||
| 005 | 20190927150612.0 | ||
| 008 | 190927b xxu||||| |||| 00| 0 eng d | ||
| 040 | _cMACL | ||
| 100 |
_aRao, Yagati Chinna _911904 |
||
| 245 | _aMusings on South India :Festschrift ti Konda Srinivasulu | ||
| 260 |
_aDelhi _bMeena Book Pub _c2016 |
||
| 650 |
_aPhilosophy _976820 |
||
| 942 |
_2ddc _cBK |
||
| 999 |
_c61115 _d61115 |
||